Statistics for Italian Loan Words

Click here to take the quiz!

General Stats

  • This quiz has been taken 745 times
    (742 since last reset)
  • The average score is 9 of 29

Answer Stats

Hint Answer % Correct
Freelance photographer of celebrities.Paparazzo
80%
The Virgin Mary. Also the alias of a pop singer.Madonna
79%
Correctly cooked pasta.Al dente
72%
Orchestra conductor.Maestro
71%
Musical instrument. To play softly.Piano
64%
"The good life"La dolce vita
60%
To sing without musical accompaniment.A capella
60%
RevengeVendetta
52%
Painting on a plastered wall.Fresco
46%
"Our thing"Cosa Nostra
38%
Transgressive mural art.Graffiti
36%
Artist's workshop or atelier.Studio
33%
"What will be, will be"Che sarĂ , sarĂ 
31%
A complete failure.Fiasco
20%
CheeringBravo
18%
InconspicuousIncognito
17%
The international use of the English language.Lingua franca
17%
A declaration of principles.Manifesto
17%
PlasterGesso
15%
Drawing and painting technique of high contrast.Chiaroscuro
14%
Instrument used to capture or emit radio waves.Antenna
11%
Temperamental, vain, or egotistical person.Prima donna
8%
"Delicious idleness"Dolce far niente
8%
Flavorsome subatomic particle.Neutrino
6%
A music piece intended to be sung.Sonata
5%
A complicated situation.Imbroglio
5%
An opulent spectacle.Extravaganza
4%
Scheme, masterplan, sequence of events.Scenario
4%
To perform something at the first attempt.Alla prima
0%

Score Distribution

Percentile by Number Answered

Percent of People with Each Score

Your Score History

You have not taken this quiz since the last reset